| 000 | 00525nam a2200169Ia 4500 | ||
|---|---|---|---|
| 008 | 240729s9999 xx 000 0 und d | ||
| 022 | _a2773-0077 | ||
| 245 | 0 | _aJournal of Road Engineering | |
| 260 | _aChina | ||
| 260 | _bKeAi Communications Co., Ltd. | ||
| 650 | _a Engineering (General). Civil engineering (General) | ||
| 650 | _a Highway engineering. Roads and pavements | Technology | ||
| 650 | _aTechnology | ||
| 856 | _uhttps://doaj.org/toc/c709232d2cc245d3b737de2eb57208f3 | ||
| 942 | _2ddc | ||
| 942 | _cDOAJEJ | ||
| 999 |
_c67739 _d67739 |
||
| 945 |
_a1 _bMadushi Gamage _c1 _dMadushi Gamage |
||